000 00504nam a2200169Ia 4500
008 230917s9999||||xx |||||||||||||| ||und||
020 _cRS 695.00
040 _e5007403
_aMAIN
041 _aEnglish
082 _a371.90954 M528I
100 _aMenon, Latika
245 0 _aIndian provisions regarding special children and disabled persons
260 _aNew Delhi
_bKanishka Publishers, Distributors
_c2014
300 _a229 p.
500 _a5055 31/01/2023 KPD23/618 01/02/2023 Main Budget
942 _cBK
999 _c8790
_d8790